00000000nam 2200000zi 4500
0019.945289
003CaOODSP
00520241120134707
006m     o  d f      
007cr bn|||||||||
008241118e198211##onc     ob   f000 0 eng d
040 |aCaOODSP|beng|erda|cCaOODSP
043 |an-cn---
0861 |aCo24-3/1-82-012E-PDF
1001 |aBaer, James, |eauthor.
24512|aA study of the socio-economic impact of direct broadcast satellites on the Canadian TV broadcasting industry / |cauthors: James Baer, Stuart Attwell ; contractor: Raymond, Chabot, Martin, Paré et Cie.
264 1|aOttawa, Canada : |bDepartment of Communications, Space Program, |cNovember, 1982.
300 |a1 online resource (1 volume (various pagings)).
336 |atext|btxt|2rdacontent
337 |acomputer|bc|2rdamedia
338 |aonline resource|bcr|2rdacarrier
4901 |aDOC contractor report ; |vDOC-CR-SP-82-012
500 |a"Unclassified."
500 |a"DOC Requisition no: 36100-0-0921."
500 |a"Department of Supply and Services Contract no: OGR 81-0328."
500 |aDigitized copy from print [produced by Innovation, Science and Economic Development Canada].
504 |aIncludes bibliographical references.
650 0|aArtificial satellites in telecommunication|zCanada.
650 0|aTelecommunication|xLaw and legislation|zCanada.
650 0|aTelevision broadcasting policy|zCanada.
7101 |aCanada. |bDepartment of Communications. |bSpace Program, |eissuing body.
7102 |aRaymond, Chabot, Martin, Paré et Cie, |econsultant.
77508|tÉtude de l'impact socio-economique de la diffusion directe par satellite (DDS) (1) sur l'industrie canadienne de la television / |w(CaOODSP)9.945295
830#0|aDOC contractor report (Canada. Department of Communications)|vDOC-CR-SP-82-012.|w(CaOODSP)9.869864
85640|qPDF|s1.90 MB|uhttps://publications.gc.ca/collections/collection_2024/isde-ised/Co24-3-1-82-012-eng.pdf